| 000 | 00782cam a2200241 4500 | ||
|---|---|---|---|
| 001 | M2288 | ||
| 008 | 090401t1996 xxu||||| |||| 00| 0 eng d | ||
| 035 | _a(Sirsi) u37634 | ||
| 041 | _aeng | ||
| 050 | _a331.28169 | ||
| 110 |
_aHays Montrose _91032 |
||
| 245 | _aGuide to salaries in construction : annual review 1996. | ||
| 260 |
_aLondon _bHays Montrose _c1996 |
||
| 300 | _a22p. ; 21x30cm. | ||
| 350 | _a25 | ||
| 520 | _aProvides typical salaries for quantity surveyors, estimators, buyers, planners, engineers, project managers, foremen and temporary/contract staff. | ||
| 650 | _aPROJECT MANAGERS | ||
| 650 | _aQUANTITY SURVEYORS | ||
| 650 | _aSALARY SURVEYS | ||
| 690 | _aMANAGEMENT-BUSINESS MANAGEMENT-PROFESSIONAL PRACTICE | ||
| 942 | _n0 | ||
| 948 | _c04/03/1997 | ||
| 999 |
_c90514 _d90514 |
||